| 000 | 00936nam a2200265 a 4500 | ||
|---|---|---|---|
| 001 | BRCA_4516 | ||
| 003 | FranzMayer | ||
| 005 | 20230811145448.0 | ||
| 008 | 200910s1702----sp-a######---#000-0#lat-# | ||
| 040 |
_aMFM _besp _cMFM |
||
| 041 | _alat | ||
| 044 | _asp | ||
| 050 | 4 |
_aML3000 _b.O34 1702 (DD3). |
|
| 245 | 1 | 0 |
_aOfficivm hebdomadae sanctae, cvm psalmis, et lectionibvs _bfecundum miffale & breviarium romanum, pij. V Pontif. Max. iuffu editum & Cementis VIII. & Vrbani VIII. authoritate recognitum sum cantv Toletano. |
| 260 |
_aToledo _bMatriti _c1702 |
||
| 300 |
_a252, cxlxij p. _bil. _c34 cm. |
||
| 500 | _aEstado físico: libro deteriorado, falta broche inferior | ||
| 500 | _aDD3 | ||
| 500 | _aTambién aparece con el nombre de LM43 | ||
| 546 | _aTexto en latín | ||
| 650 | 1 | 4 |
_aMúsica sacra _ySiglo XVIII _zEspaña _911438 |
| 650 | 1 | 4 |
_aMúsica impresa _ySiglo XVIII _zEspaña _911439 |
| 902 | _aGFM | ||
| 942 |
_2lcc _cB |
||
| 999 |
_c4222 _d4222 |
||